| 000 | 00420nam a2200097Ia 4500 | ||
|---|---|---|---|
| 008 | 180130s9999 xx 000 0 und d | ||
| 245 |
_cTian, K.; Endo, M.; Urata, M.; Mouri, K.; Yasuda, T. _aLunar observation support system using smartphone AR for astronomy education |
||
| 260 | _c2016 | ||
| 300 | _aBook title: Recent developments in mobile technology--Acession number C20742; pages 100-107 | ||
| 650 | _aMOBILE TECHNOLOGY | ||
| 999 |
_c353769 _d353769 |
||